| 000 | 00389nam a2200157Ia 4500 | ||
|---|---|---|---|
| 008 | 151213s9999 xx 000 0 und d | ||
| 100 | _aMD. Mojibur Rahman | ||
| 245 |
_aCode of Civil Procedure _cMD. Mojibur Rahman |
||
| 250 | _a3rd | ||
| 260 |
_aDhaka _bKamrul Book House _c2004 |
||
| 300 | _a2921 p. | ||
| 650 | _aLaw | ||
| 650 | _aLaw | ||
| 700 | _aMD. Mojibur Rahman | ||
| 999 |
_c2008 _d2008 |
||